| 000 | 01080nam a2200313Ia 4500 | ||
|---|---|---|---|
| 003 | OSt | ||
| 005 | 20221006153412.0 | ||
| 006 | a|||||r|||| 00| 0 | ||
| 007 | ta | ||
| 008 | 221006b |||||||| |||| 00| 0 eng d | ||
| 020 | _a9780415334358 | ||
| 024 | _a32,229 | ||
| 037 |
_bGift, Prof. Sonoko Hijikata _cTextual |
||
| 040 |
_aEASL _cEASL _beng |
||
| 041 |
_2eng _aeng |
||
| 082 | _aW6.42.P03, P6 | ||
| 100 |
_aKERSTEN Rikki Ed. _9663729 |
||
| 245 | 0 |
_aLeft in the shaping of Japanese democracy _b Eaasys in honour of J.A.A. Stockwin |
|
| 260 |
_aLondon _bRoutledge |
||
| 300 |
_a183p. _ccm. |
||
| 490 |
_v JEL _aRoutledge/Leiden Series in Modern East Asian History and Politics |
||
| 650 |
_a Japan - Foreign relations _940500 |
||
| 650 |
_a Japan - Politics and government _9648506 |
||
| 650 |
_a Socialism - Japan _9649719 |
||
| 650 |
_aPolitical culture - Japan _9648575 |
||
| 700 | _a WILLIAMS David Ed. | ||
| 942 |
_hW6.42.P03, P6 _cTEXL _2CC |
||
| 999 |
_c1100315 _d1100315 |
||